000 00317nam a2200133Ia 4500
008 130318s9999 xx 000 0 und d
020 _a8120315499
082 _a005.43L RAY/T
100 _aRay, John
245 _a10 minute guide to Linux
260 _bPHI Learning
_aNew Delhi
_c1999
300 _a212
650 _aLINUX
999 _c164
_d164